История на света (Запис номер 7291)
[ съкратено ]
| 000 -Лидер | |
|---|---|
| Контролно поле с фиксирана дължина | 01938nam a2200385 c 4500 |
| 003 - Код на организацията, давaща контролен номер | |
| Контролно поле | BLK |
| 005 - Дата и час на последна редакция | |
| Контролно поле | 20201007041013.0 |
| 008 - Елементи от данни с фиксирана дължина | |
| fixed length control field | 180412b bul|||||r ||||||| ||bul|| |
| 010 ## - Наследен системен номер | |
| LC control number | KNG00008580000 |
| 020 ## - Международен стандартен номер на книга ISBN | |
| Международен стандартен номер на книга ISBN | 954-584-088-9 |
| -- | издат.: Абагар Холдинг - (многотомно) |
| 020 ## - Международен стандартен номер на книга ISBN | |
| Международен стандартен номер на книга ISBN | 954-584-144-3 |
| -- | издат.: Абагар Холдинг - на том(т. 4) |
| 040 ## - Източник на каталожния запис | |
| Идентификатор на билиотеката - собственик на записа | BLK |
| 041 ## - Код за език | |
| Код за езика на текст/звукозапис или на отделно заглавие | Български |
| Код за езика КДБФ | Български |
| 080 ## - УДК | |
| Текстов определител УДК | Обща световна история. История на света |
| УДК код - определител по УДК | 930.9 |
| УДК определител | |
| УДК - код + определител | 930.9 |
| 080 ## - УДК | |
| Текстов определител УДК | История на цивилизацията. История на културата |
| УДК код - определител по УДК | 930.85 |
| УДК определител | |
| УДК - код + определител | 930.85 |
| 139 ## - Редно поле | |
| Редна дума | История на света |
| Авторски знак | Истор - И 95 |
| 245 10 - Сведения за заглавието | |
| Заглавие | История на света |
| Подзаглавни данни | В 20 т. За том: 400 г. пр. Хр.-200 г. сл. Хр. |
| Редно поле (дума) | прев. на том Сашка Тодорова Георгиева. |
| Том | Т. 4 |
| Заглавие на том | Възходът на империите |
| 257 ## - Страна на издаване | |
| Страна на създаване/издаване | Великобритания |
| 260 ## - Област на издателските данни | |
| -- | София ; Амстердам |
| Име на издателя, разпространителя и проч. | Тайм Лайф |
| Година на издаване | 1994 - |
| 300 ## - Физическа характеристика | |
| Размери/Мащаб | 28 см |
| 380 ## - Жанр | |
| Жанр | История |
| 500 ## - Общи забележки | |
| Забележка | Ориг. загл. History of the World. |
| 504 ## - Забележка за наличие на библиография и др | |
| Забележка за наличие на библиография и под. | 168-169 |
| 650 #4 - Допълнително описание по предмет – тема | |
| Основно описание – тема или топоним | история |
| 9 (RLIN) | 157727 |
| 650 #4 - Допълнително описание по предмет – тема | |
| Основно описание – тема или топоним | Исторически паметници |
| 9 (RLIN) | 252410 |
| 650 #4 - Допълнително описание по предмет – тема | |
| Основно описание – тема или топоним | Цивилизации |
| 9 (RLIN) | 177255 |
| 653 ## - Ключова дума – ненормативна | |
| Ключова дума | история |
| 700 1# - Други автори (авторска отговорност) | |
| Лично име | Георгиева, Сашка Тодорова |
| Автороска отговорност (Описва отношението между автора и произведението) | прев. на том |
| 9 (RLIN) | 252412 |
| 760 1# - Описание на основната серия | |
| -- | - (многотомно) |
| Място на издаване, издател и година | Абагар Холдинг, 1995 |
| Страници - том | 175 с. : с цв. ил. |
| Забележка - том | Ориг. загл. Emptres Ascendant. - Съдържа и Хронология на най-важните събития. - Библиогр. с. 168-169 ; Азб. показалец ; Показалец на ил. |
| Заглавие | Т. 4 Възходът на империите |
| 852 ## - Местоположение | |
| Форматна сигнатура | Цб ІІ 8245 |
| 856 4# - Електронен адрес и достъп | |
| Електронен формат | pdf - файл |
| Път до файла /url/ | |
| 856 4# - Електронен адрес и достъп | |
| Електронен формат | pdf - файл |
| Път до файла /url/ | |
| 942 ## - АРТИКУЛИ | |
| Вид на библиотечния материал | Книги |
| Скрит в OPAC | Не |
| 944 ## - СЪЗДАВАНЕ И РЕДАКЦИЯ на ЗАПИСА | |
| Създаване/Редакция | Създаване |
| Дата на регистрацията/редакция | 15.01.2003 |
| Служител, извършил регистрацията/редакцията | Геновева_Генчева |
| 944 ## - СЪЗДАВАНЕ И РЕДАКЦИЯ на ЗАПИСА | |
| Създаване/Редакция | Редакция |
| Дата на регистрацията/редакция | 16.06.2010 |
| Служител, извършил регистрацията/редакцията | |
| 999 ## - СИСТЕМНИ КОНТРОЛНИ НОМЕРА | |
| Koha biblionumber | 7291 |
| Koha biblioitemnumber | 7291 |
| Код за отписване | Код за изгубен артикул | Източник на класификационната схема | Код за повреда | Коз за рестрикции | Код за отдаване | Артикулен № | Име на библиотеката - собственик | Име на библиотеката, в която се намира в момента | Статус (Текущо местоположение) | Дата на вписване в системата | Местоположение - отдел | Цена в лева | Инвентарен номер | Систематично азбучна сигнатура | Баркод | Номер на екземпляра | Цена в евро | Служебна бележка | Служебен тип на артикула |
|---|---|---|---|---|---|---|---|---|---|---|---|---|---|---|---|---|---|---|---|
| Не е изгубен | Universal Decimal Classification | Не е повреден | без рестрикции | ползва се в читалня | 12621 | Регионална библиотека "Любен Каравелов" Русе | Регионална библиотека "Любен Каравелов" Русе | Читалня | 1995-01-01 | Читалня | 11.25 | 615855 | Ч 930/И 95 | 120000615855 | 1 | 5.75 | Дост: Pk Вид: Ф N: стар фонд Дата: 01.01.1995 Дата инв: 28.03.2017 Бележки инв: Ч2017 | Книги | |
| Не е изгубен | Universal Decimal Classification | Не е повреден | без рестрикции | заемане за дома | 12622 | Регионална библиотека "Любен Каравелов" Русе | Регионална библиотека "Любен Каравелов" Русе | Детски отдел | 1995-01-01 | Детски отдел | 11.25 | 615856 | ДН 93/99/И 95 | 120000615856 | 2 | 5.75 | Дост: Pk Вид: Ф N: стар фонд Дата: 01.01.1995 Дата инв: 21.08.2015 Бележки инв: Д2015 | Книги | |
| Не е изгубен | Universal Decimal Classification | Не е повреден | без рестрикции | ползва се в читалня | 12623 | Регионална библиотека "Любен Каравелов" Русе | Регионална библиотека "Любен Каравелов" Русе | Хранилище | 1995-01-01 | Основен фонд - ползва се само за читалня | 0.03 | 650012 | Цб ІІ 8245 | 120000650012 | 3 | 0.02 | Дост: Pk Вид: Ф N: стар фонд Дата: 01.01.1995 | Книги |